Exploring Betty A. Reardon's Perspective on Peace Education Looking Back, Looking Forward /

This book presents commentaries by a leading international group of peace education scholars and practitioners concerning Reardon's peace education theory and intellectual legacy. The guiding question throughout the book is: How can her foundational work be used to advance the theory and practi...

Πλήρης περιγραφή

Λεπτομέρειες βιβλιογραφικής εγγραφής
Συγγραφή απο Οργανισμό/Αρχή: SpringerLink (Online service)
Άλλοι συγγραφείς: Snauwaert, Dale T. (Επιμελητής έκδοσης, http://id.loc.gov/vocabulary/relators/edt)
Μορφή: Ηλεκτρονική πηγή Ηλ. βιβλίο
Γλώσσα:English
Έκδοση: Cham : Springer International Publishing : Imprint: Springer, 2019.
Έκδοση:1st ed. 2019.
Σειρά:Pioneers in Arts, Humanities, Science, Engineering, Practice, 20
Θέματα:
Διαθέσιμο Online:Full Text via HEAL-Link
LEADER 05294nam a2200565 4500
001 978-3-030-18387-5
003 DE-He213
005 20191026132500.0
007 cr nn 008mamaa
008 190515s2019 gw | s |||| 0|eng d
020 |a 9783030183875  |9 978-3-030-18387-5 
024 7 |a 10.1007/978-3-030-18387-5  |2 doi 
040 |d GrThAP 
050 4 |a JZ5509.2-6300 
072 7 |a GTJ  |2 bicssc 
072 7 |a POL034000  |2 bisacsh 
072 7 |a GTU  |2 thema 
082 0 4 |a 327.172  |2 23 
245 1 0 |a Exploring Betty A. Reardon's Perspective on Peace Education  |h [electronic resource] :  |b Looking Back, Looking Forward /  |c edited by Dale T. Snauwaert. 
250 |a 1st ed. 2019. 
264 1 |a Cham :  |b Springer International Publishing :  |b Imprint: Springer,  |c 2019. 
300 |a XXXVI, 291 p. 10 illus., 8 illus. in color.  |b online resource. 
336 |a text  |b txt  |2 rdacontent 
337 |a computer  |b c  |2 rdamedia 
338 |a online resource  |b cr  |2 rdacarrier 
347 |a text file  |b PDF  |2 rda 
490 1 |a Pioneers in Arts, Humanities, Science, Engineering, Practice,  |x 2509-5579 ;  |v 20 
505 0 |a Chapter 1. Realization of a Just Peace and the First Question of Power -- Chapter 2. "Peace Education for Global Citizenship". The Genuine Global Dimension In Betty Reardon's Concept of Peace Education -- Chapter 3. Peacebuilding Education in Posttruth Times: Lessons from the Work of Betty A. Reardon -- Chapter 4. Peace Education Confronting Reality -- Chapter 5. Reardon's Conception of Human Rights and Human Rights Learning -- Chapter 6. Learning and Living Human Rights" Betty Reardon's Pedagogies and Politics of Peace Legacy -- Chapter 7. Exploring Betty A. Reardon's Perspective on Peace -- Chapter 8. Peace Education and Gender in Africa: Reflections on the Work of Dr. Betty Reardon -- Chapter 9. The Letters: An Exchange on Patriarchy, Militarization and Feminist Peace Activism -- Chapter 10. Dehumanization and Trauma in Palestine: Representations of the Occupation and the Great March of Return in the Patriarchal War System -- Chapter 11. Some Questions from Popoki to Betty Reardon about Human Security, Gender and Teaching, Learning, Creating Peace -- Chapter 12. Media and Gender in Relation to Peace Education -- Chapter 13. Language, Gender and Power: Possibilities for Transformation of Political Discourse- -- Chapter 14. Toward a Just Society: An Account -- Chapter 15. Reardon's Edu-learner Praxis: Educating for Political Efficacy and Social Transformation -- Chapter 16. Practicing Peace Education: Learning Peace and Teaching Peace With Betty Reardon -- Chapter 17. Shared Reflections and Learnings from Betty Reardon--Action Planning Models: National and International Partnerships in Asia -- Chapter 18. Shared Reflections and Learnings from Betty Reardon--Action Planning Models: National and International Partnerships in Asia -- Chapter 19. "Walking The Talk" On Peace Education With Betty Reardon: Reflection and Action Towards a Transformative Pedagogy -- Book backmatter. 
520 |a This book presents commentaries by a leading international group of peace education scholars and practitioners concerning Reardon's peace education theory and intellectual legacy. The guiding question throughout the book is: How can her foundational work be used to advance the theory and practice of peace education? In an attempt to find answers, the contributing authors explore three general areas of inquiry: (1) Theoretical Foundations of Peace and Human Rights Education; (2) Feminism and the Gender Perspective as Pathways of Transformation Toward Peace and Justice; and (3) Peace Education Pedagogy and Practices. A contemplative commentary by Reardon herself rounds out the coverage - Offers an exploration of the work of Betty A. Reardon, a pioneer in education for peace and human rights - Presents commentaries by leading international scholars in the field - Focuses on Reardon's peace education theory and intellectual legacy. 
650 0 |a Peace. 
650 0 |a Social justice. 
650 0 |a Human rights. 
650 0 |a Educational psychology. 
650 0 |a Education-Psychology. 
650 0 |a Identity politics. 
650 1 4 |a Peace Studies.  |0 http://scigraph.springernature.com/things/product-market-codes/912070 
650 2 4 |a Social Justice, Equality and Human Rights.  |0 http://scigraph.springernature.com/things/product-market-codes/X33070 
650 2 4 |a Educational Psychology.  |0 http://scigraph.springernature.com/things/product-market-codes/O39000 
650 2 4 |a Human Rights.  |0 http://scigraph.springernature.com/things/product-market-codes/R19020 
650 2 4 |a Politics and Gender.  |0 http://scigraph.springernature.com/things/product-market-codes/911260 
700 1 |a Snauwaert, Dale T.  |e editor.  |4 edt  |4 http://id.loc.gov/vocabulary/relators/edt 
710 2 |a SpringerLink (Online service) 
773 0 |t Springer eBooks 
776 0 8 |i Printed edition:  |z 9783030183868 
776 0 8 |i Printed edition:  |z 9783030183882 
776 0 8 |i Printed edition:  |z 9783030183899 
830 0 |a Pioneers in Arts, Humanities, Science, Engineering, Practice,  |x 2509-5579 ;  |v 20 
856 4 0 |u https://doi.org/10.1007/978-3-030-18387-5  |z Full Text via HEAL-Link 
912 |a ZDB-2-POS 
950 |a Political Science and International Studies (Springer-41174)